000 00456nam a2200157 4500
001 117232
003 ES-MaACL
007 t|
008 071121s1985 sp r ||||1| spa d
100 1 _aPeña Muñoz, Manuel.
_990275
245 1 0 _aBibliografía de Carmen Bravo-Villasante /
_cManuel Peña Muñoz.
260 _aMadrid :
_b[s.n.],
_c1985.
300 _a67 p. ;
_c22 cm.
852 _aES-MaACL
_jL-8741
_bR.108916
852 _aES-MaACL
_jL-8553
_bR.108915
999 _c117232
_d117232